000 00955nam a22002777a 4500
999 _c3311
_d3311
003 AR-CdUCM
008 190306b ||||| |||| 00| 0 spa d
020 _a9506140340
040 _aMUNICIPALIDAD PROVINCIAL DEL CUSCO
_cBIBLIOTECA MUNICIPAL DEL CUSCO
041 _hrus
082 _a891.7 /
_bP27
100 _aPasternak, Boris L.
_911004
245 _aEl doctor Jivago /
260 _aArgentina :
_bEdiciones Orbis S.A.,
_b [Talleres gráficos Didot S.A],
_c1983.
300 _a446 páginas ;
_c20 cm.
500 _aPremio Nobel, 1958.
650 _aNarrativa rusa
_910166
650 _aNovelas rusas - Siglo XX
_911005
650 _aUnión Soviética - Historia - Novelas
_911006
650 _aPasternak, Boris Leonidovich
_911007
650 _aNovela histórica - Rusia - Unión Soviética
_911008
650 _aPremio Novel - 1958
_911009
700 _aGutierrez, Fernando (Traductor)
_911010
942 _2ddc
_cLIBROS
945 _alccs